Juegos escolares para primaria
Salvato in:
| Autori principali: | , |
|---|---|
| Natura: | Libro |
| Lingua: | spagnolo |
| Pubblicazione: |
Ciudad de México
Pax-México
1967
|
| Soggetti: | |
| Tags: |
Aggiungi Tag
Nessun Tag, puoi essere il primo ad aggiungerne!!
|
MARC
| LEADER | 00000nam a2200000 a 4500 | ||
|---|---|---|---|
| 001 | UCY9542 | ||
| 003 | CL-VaPUC | ||
| 008 | 950717e19670400MX |||||||||||||||||spa|d | ||
| 082 | 0 | 4 | |a 790.1 |b EDG |2 21 |
| 100 | 0 | |a Edgren, Henry D |e author |9 341834 | |
| 700 | 0 | |a Gruber, Joseph J |e author |9 341835 | |
| 245 | 1 | 0 | |a Juegos escolares para primaria |
| 300 | |a 208 p | ||
| 942 | |c BK | ||
| 945 | |d 19950717 00:00:00 |a cmena | ||
| 260 | |a Ciudad de México |b Pax-México |c 1967 | ||
| 650 | 0 | |a Actividades de tiempo libre |9 334349 | |
| 650 | 0 | |a Juegos educativos |9 307366 | |
| 650 | 0 | |a Niños |9 255605 | |
| 650 | 0 | |a Educación básica |9 224933 | |
| 650 | 7 | |a TRABAJO EN GRUPO METODO DE ENSEÑANZA |2 CL-VaPUC |9 309108 | |
| 650 | 7 | |a DEPORTE |2 CL-VaPUC |9 341837 | |
| 650 | 7 | |a METODOS ACTIVOS |2 CL-VaPUC |9 341838 | |
| 650 | 7 | |a GRUPOS DE JUEGO |2 CL-VaPUC |9 338378 | |
| 583 | |a last modification |c 19950717 00:00:00 |k Rodrigo Vera | ||
| 999 | |c 236620 |d 236618 | ||
| 952 | |0 0 |1 0 |4 0 |6 790_100000000000000_EDG_1967 |7 0 |8 P |9 244822 |a BIBEDU |b BIBEDU |c BIBEDU_PB |d 2019-11-18 |i 1535285 |o 790.1 EDG 1967 |p 1535285 |r 2024-01-25 |w 2019-11-18 |y BK |k EDU | ||